Cell biology (Record no. 395128)

MARC details
000 -LEADER
fixed length control field 00488 a2200205 4500
005 - DATE & TIME
control field 20260116152029.0
008 - FIXED-LENGTH DATA ELEMENTS--GENERAL INFORMATION
fixed length control field 260115b |||||||| |||| 00| 0 eng d
020 ## - ISBN
International Standard Book Number 9789350246696
Price Rs. 698.00
040 ## - CATALOGING SOURCE
Original cataloging agency VIVEKANANDA LIBRARY
082 ## - DDC NUMBER
Classification number 574.87
Book Number P872C(3)
100 ## - MAIN ENTRY--PERSONAL NAME
Personal name Powar, C B
245 ## - TITLE STATEMENT
Title Cell biology
250 ## - EDITION STATEMENT
Edition statement 3rd
260 ## - PUBLICATION, DISTRIBUTION, ETC. (IMPRINT)
Name of publisher, distributor, etc Himalaya Publishing House
Date of publication, distribution, etc 2025
Place of publication, distribution, etc Mumbai
300 ## - PHYSICAL DESCRIPTION
Pages xv, 782
650 ## - Subject
Subject Biology
650 ## - Subject
Subject Cell Biology
650 ## - Subject
Subject Cytology
942 ## - ADDED ENTRY ELEMENTS (KOHA)
Koha item type Books
Holdings
Withdrawn status Lost status Source of classification or shelving scheme Damaged status Not for loan Location (home branch) Sublocation or collection (holding branch) Shelving location Date acquired Koha issues (times borrowed) Koha full call number Accession No. Koha date last seen Koha item type
    Dewey Decimal Classification     VIVEKANANDA LIBRARY VIVEKANANDA LIBRARY Vivekananda Library 22/12/2025   574.87 P872(3) 443790 22/12/2025 Books
© Designed and Maintained by Vivekananda Library, MDU Rohtak